| 000 | 00000nam 2200000za 4500 |
| 001 | 9.675042 |
| 003 | CaOODSP |
| 005 | 20250508135612 |
| 007 | cr ||||||||||| |
| 008 | 150407s2011 onc|||||o f|0| 0 ara d |
| 020 | |a978-0-662-03350-9 |
| 040 | |aCaOODSP|bfre |
| 043 | |an-cn--- |
| 086 | 1 |aS53-28/2001Ara-PDF|zS53-28/2001Ar-PDF |
| 110 | 1 |aCanada.|bTravaux publics et Services gouvernementaux Canada.|bBureau de la traduction. |
| 245 | 10|aPrécis de terminologie |h[ressource électronique]. |
| 250 | |a[Édition arabe]. |
| 260 | |aOttawa : |bTravaux publics et Services gouvernementaux Canada, |cc2001. |
| 300 | |a152 p. |
| 500 | |aLe n° de catalogue (S53-28/2001) et l'ISBN (0-660-61616-5) de l'édition imprimée bilingue (en anglais et en français) ont été incorrectement copiés dans cette publication. |
| 546 | |aTexte en arabe. |
| 590 | |a11-26-Supp|b2011-11-03 |
| 775 | 08|tPrécis de terminologie |w(CaOODSP)9.634201 |
| 775 | 08|tHandbook of terminology |w(CaOODSP)9.689804 |
| 791 | |tHandbook of terminology |eeng|w(CaOODSP)9.675041 |
| 856 | 40|ahttp://publications.gc.ca|qPDF|s2.25 Mo|uhttps://publications.gc.ca/collections/collection_2011/tpsgc-pwgsc/S53-28-2001-ara.pdf |